Normal view
MARC view
Entry Personal Name
001 - CONTROL NUMBER
- control field: 15600
003 - CONTROL NUMBER IDENTIFIER
- control field: HDC
005 - DATE AND TIME OF LATEST TRANSACTION
- control field: 20230624073448.0
008 - FIXED-LENGTH DATA ELEMENTS
- fixed length control field: 210218|| aca||aabn | a|a d
040 ## - CATALOGING SOURCE
- Original cataloging agency: HDC
- Transcribing agency: HDC
100 ## - HEADING--PERSONAL NAME
- Personal name: Abdulla Belhoul
670 ## - SOURCE DATA FOUND
- Source citation: Work cat.: (HDC): Abdulla Belhoul, author, Dubai can take a big bite out of global halal industry /, 2013
